| 000 | 01508nam a2200361 c 4500 | ||
|---|---|---|---|
| 003 | BLK | ||
| 005 | 20250620005647.0 | ||
| 008 | 180410b bul|||||r ||||||| ||bul|| | ||
| 010 | _aKNG00153844000 | ||
| 020 |
_a978-954-357-244-1 _bиздат.: ЕМАС |
||
| 040 | _aBLK | ||
| 041 |
_aBUL _cBUL |
||
| 072 | 7 |
_2bullib _aН83 _xЧужда художествена литература Н |
|
| 080 |
_aНемска литература _b821.112.2 _x-311.6 _z821.112.2-311.6 |
||
| 100 | 1 |
_aЦиглер, Клаудия _eпърви автор _9329715 |
|
| 700 |
_aПенева, Ваня Илиева _d1957- _gПреводач от немски, английски и руски език. _eпрев. от нем. _9363755 |
||
| 139 |
_aЦиглер, Клаудия _bЦ 59 |
||
| 245 | 1 | 0 |
_aМадам Дьо Помпадур _bРоман _cКлаудия Циглер; прев. от нем. Ваня Илиева Пенева. |
| 257 | _aDEU | ||
| 260 |
_аСофия _bЕМАС _c2013 |
||
| 300 |
_a600 с. _c22 см |
||
| 380 | _aX | ||
| 490 | 1 | _aПоредица Известните жени в историята | |
| 500 | _aОриг. загл. Die Favoritin des Konigs / Claudia Ziegler. | ||
| 653 | _aисторически романи | ||
| 659 | _aН | ||
| 852 | _aЦб 266736 | ||
| 856 | 4 |
_qpdf _u |
|
| 856 | 4 |
_qpdf _u |
|
| 942 |
_cKNG _n0 _013 |
||
| 944 |
_aCR _c26.11.2013 _lCRON CRON _k |
||
| 944 |
_aED _c09.02.2016 _lф / _kЛюдмила_Стоянова |
||
| 999 |
_c147627 _d147627 |
||